000 04932nkm0a2200541 4500
001 RU\NLR\BIBL_A\022726898
005 20260407222637.0
035 _a(NLR Aleph) 022726898
090 _a13554597
_c13554597
100 _a20260215 rusy50
101 0 _arus
_afre
_ager
102 _aRU
116 _adiycxx zz ae
181 0 _ab4
_bxb2e
182 0 _an
200 1 _aБал в Москве
_dUn bal à Moscou
_dBall in Moskau
_eпочтовая карточка
_fД. Кардовский
_zfre
_zger
203 _aИзображение
_bнеподвижное
_bдвухмерное
_bвизуальное
_cнепосредственное
210 _a[Москва
_cиздание И. Н. Кнебеля
_d1912 или 1913]
215 _a1 л.
_cцв. автотип.
_d8,9х13,9
225 1 _a[Картины по русской истории]
300 _aХудожник также на фр. яз.: D. Kardovski и на нем. яз.: D. N. Kardowsky
300 _aВых. дан. и загл. серии установл. по: Юниверг Л. И. Иосиф Кнебель и его открытки // Жук : журнал любителей открыток. 2008. № 1 (16). С. 27
317 _aЭкз. РНБ на шифре Э ОИc535/К219, Эот92539: из коллекции открыток А. Пронина
_5NLR: Э ОИc535/К219
327 0 _aВоспроизведение картины № 48 из раздела "Всероссийская Русь" в издании: Картины по русской истории, изданные под общей редакцией [и с объяснительным текстом] С. А. Князькова. Москва : Гроссман и Кнебель, 1908-1913
327 0 _aСреди изображенных: А. С. Пушкин, князь Д. В. Голицын, княгиня Т. В. Голицына, князь С. М. Голицын, княгиня З. А. Волконская, А. В. Веневитинов, Д. В. Веневитинов, А. Мицкевич, М. П. Погодин, П. Я. Чаадаев, обер-полицмейстер А. С. Шульгин, князь П. А. Вяземский, Е. А. Баратынский, В. А. Нащокин, князь П. И. Шаликов
510 1 _6z47790
_aUn bal à Moscou
_zfre
510 1 _6z48790
_aBall in Moskau
_zger
606 1 _aПочтовые открытки маркированные художественные
_yРоссия
_z1895 - 1917
_92195710
_3RU\NLR\AUTH\6601555036
606 1 _aБалы
_jОткрытки
_92096897
_3RU\NLR\AUTH\661268640
607 _aРоссия
_jОткрытки
_xИстория
_z19 в.
_92086774
_3RU\NLR\AUTH\661262919
610 1 _aПортретные открытки
610 1 _aГрупповые портреты
610 1 _aРепродукционные открытки
617 _aРоссия
_cМосковская губерния
_cМосковский уезд
_dМосква, город
686 0 _aЩ153(2Р=Рус)53-489
700 1 _4040
_8rus
_7ca
_aКардовский
_bД. Н.
_cхудожник
_f1866-1943
_gДмитрий Николаевич
_3RU\NLR\AUTH\7787902
_970830
702 1 _aПронин
_bА. Г.
_f1927-2007
_gАлександр Георгиевич
_5NLR: Э ОИc535/К219, Эот92539
_4390
712 0 0 _4650
_aКнебель
_gИ. Н.
_hиздательство
_cМосква
_3RU\NLR\AUTH\8810150068
_9794757
790 1 _4040
_7ba
_8rus
_aKardovskij
_bD. N.
_cхудожник
_f1866-1943
_gDmitrij Nikolaevič
_3RU\NLR\AUTH\770266517
_9266461
830 _a№ 48: Д.Н. Кардовский. Бал в Москве 20-х годов. - 1913. -18 с.: https://www.prlib.ru/item/1282507 (12.02.2026). АЯ ОЭФ
830 _aКоллекция открыток Александра Пронина (около 500 ед.) - дар, полученный РНБ в 1997 г. из США, из Henry Madden Library (Fresno, CA). "California State University, Fresno. Henry Maddan Library. Department of special collections. Alexander Pronin collection of russian postcards" (из сопроводительной описи, хранящейся в Отделе эстампов). А.Я. ОЭст
830 _a"Dr. Alexander Georgievich Pronin (1927-2007) was a writer and professor of Russian Studies at California State University, Fresno for 28 years. Author: Russian Folk Arts, Byliny, Heroic Tales of Old Russia": https://oac.cdlib.org/findaid/ark:/13030/kt138nd1k8/ (17.07.2024). АЯ ОЭФ
830 _aЮниверг Л. И. Иосиф Кнебель и его открытки: https://russianpostcardunion.ru/zhurnal-zhuk/docs/2008-01-16.pdf (17.07.2024). АЯ ОЭФ
852 0 0 _aNLR
_bЭ
_jОИc535/К219
_mЭот92539
942 _cVISUAL
980 _aNB